[Event "Iberoamerican-ch 9th"]
[Site "Panama City"]
[Date "2023.11.27"]
[Round "4"]
[White "Hurtado, Samuel Alexander"]
[Black "Arribas Robaina, Maritza"]
[Result "0-1"]
[WhiteElo "1722"]
[BlackElo "2174"]
[PlyCount "58"]
[EventDate "2023.11.25"]
[EventType "swiss"]
[EventRounds "9"]
[EventCountry "PAN"]
[SourceTitle "CB49_2023"]
[SourceDate "2023.12.06"]
[SourceVersion "1"]
[SourceVersionDate "2023.12.06"]
[SourceQuality "1"]

1. Nf3 Nf6 2. g3 d6 3. Bg2 e5 4. 0-0 Be7 5. c4 0-0 6. Nc3 c6 7. e4 Bg4 8. d4 Nbd7 9. h3 Bh5 10. g4 Bg6 11. Nh4 Ne8 12. Nxg6 hxg6 13. Be3 Nc7 14. f4 Ne6 15. fxe5 dxe5 16. dxe5 Qc7 17. Kh1 Rad8 18. Qe2 Qxe5 19. Rad1 Ndc5 20. b4 Qxc3 21. bxc5 Qe5 22. Rb1 Rd7 23. Rbd1 Rfd8 24. Rxd7 Rxd7 25. Rd1 Rxd1+ 26. Qxd1 Bxc5 27. Bxc5 Qxc5 28. Qd7 Qf2 29. a4 Nf4 0-1

[Event "Pan American-ch School U17"]
[Site "Medellin"]
[Date "2019.11.16"]
[Round "7"]
[White "Viscaino Yanez, Jhonny Cesar"]
[Black "Hurtado, Samuel Alexander"]
[Result "1-0"]
[WhiteElo "1741"]
[BlackElo "1576"]
[PlyCount "41"]
[EventDate "2019.11.12"]
[EventType "swiss"]
[EventRounds "9"]
[EventCountry "COL"]
[SourceTitle "CBM 193 Extra"]
[Source "ChessBase"]
[SourceDate "2020.01.31"]
[SourceVersion "1"]
[SourceVersionDate "2020.01.31"]
[SourceQuality "1"]

1. e4 e5 2. Nf3 Nf6 3. Nxe5 d6 4. Nf3 Nxe4 5. Nc3 Nxc3 6. dxc3 Be7 7. Bd3 Nc6 8. 0-0 0-0 9. Re1 Bf6 10. Be3 Ne5 11. Bd4 Nxf3+ 12. Qxf3 Bxd4 13. cxd4 d5 14. Re5 c6 15. Rae1 Bd7 16. Re7 Rb8 17. Qh5 h6 18. Qe5 Re8 19. Qd6 Be6 20. R1xe6 fxe6 21. Qxe6+ 1-0

[Event "Pan American-ch School U17"]
[Site "Medellin"]
[Date "2019.11.12"]
[Round "2"]
[White "Hurtado, Samuel Alexander"]
[Black "Lopez Rayo, Santiago"]
[Result "0-1"]
[WhiteElo "1576"]
[BlackElo "2049"]
[PlyCount "56"]
[EventDate "2019.11.12"]
[EventType "swiss"]
[EventRounds "9"]
[EventCountry "COL"]
[SourceTitle "CBM 193 Extra"]
[Source "ChessBase"]
[SourceDate "2020.01.31"]
[SourceVersion "1"]
[SourceVersionDate "2020.01.31"]
[SourceQuality "1"]

1. e4 c5 2. Nf3 Nc6 3. d4 cxd4 4. Nxd4 Nf6 5. Nc3 e6 6. Be3 Bb4 7. Bd3 d5 8. 0-0 Bxc3 9. bxc3 dxe4 10. Bb5 Qe7 11. Bg5 e5 12. Bxf6 gxf6 13. Nxc6 bxc6 14. Ba4 Bd7 15. Re1 f5 16. f3 exf3 17. Qxf3 e4 18. Qh5 Qe5 19. Rad1 Qxc3 20. Bb3 Rf8 21. Qxh7 Qf6 22. Qh5 Rd8 23. Qe2 Rg8 24. Qa6 Qe6 25. Qxa7 Ke7 26. Qf2 Qe5 27. Rxe4 Qxe4 28. Re1 Rxg2+ 0-1

[Event "Chorrera Valdez Memorial 1st"]
[Site "Chorrera"]
[Date "2019.11.03"]
[Round "2.2"]
[White "Hurtado, Samuel Alexander"]
[Black "Alvarez, Claudia"]
[Result "1-0"]
[WhiteElo "1576"]
[BlackElo "1403"]
[PlyCount "51"]
[EventDate "2019.11.02"]
[EventType "tourn"]
[EventRounds "7"]
[EventCountry "PAN"]
[SourceTitle "EXT 2021"]
[Source "ChessBase"]
[SourceDate "2020.10.23"]
[SourceVersion "1"]
[SourceVersionDate "2020.10.23"]
[SourceQuality "1"]

1. e4 e5 2. Nf3 Nc6 3. Bc4 Nf6 4. d3 Bc5 5. 0-0 d6 6. c3 a6 7. Bb3 Ba7 8. Nbd2 0-0 9. h3 Re8 10. Re1 Be6 11. Nf1 Na5 12. Bc2 b5 13. a4 c5 14. Ng3 h6 15. Nh2 Qc7 16. Ng4 Nxg4 17. hxg4 Qd7 18. axb5 Bxg4 19. f3 c4+ 20. Be3 Bxe3+ 21. Rxe3 Bxf3 22. Qxf3 axb5 23. Rf1 Re6 24. Nf5 Rf6 25. Qh3 Kf8 26. Rg3 1-0